Introducción a la economía / (Registro nro. 6708)

Detalles MARC
000 -LEADER
fixed length control field 01104nam a2200265Ia 4500
003 - CONTROL NUMBER IDENTIFIER
control field OSt
005 - DATE AND TIME OF LATEST TRANSACTION
control field 20200605115655.0
008 - FIXED-LENGTH DATA ELEMENTS--GENERAL INFORMATION
fixed length control field 191128s2017 mx ad gr 000 0 spa d
020 ## - INTERNATIONAL STANDARD BOOK NUMBER
International Standard Book Number 9786073222860
040 ## - CATALOGING SOURCE
Original cataloging agency CO-JMCR
Transcribing agency CO-JMCR
041 0# - LANGUAGE CODE
Language code of text/sound track or separate title spa
082 04 - DEWEY DECIMAL CLASSIFICATION NUMBER
Classification number 330.1 /
Item number G718i
Edition number 23
100 1# - MAIN ENTRY--PERSONAL NAME
Personal name Graue Russek, Ana Luisa,
Relator term autora
9 (RLIN) 4992
245 10 - TITLE STATEMENT
Title Introducción a la economía /
Statement of responsibility, etc. Ana Luisa Grau Russek
250 ## - EDITION STATEMENT
Edition statement Primera edición
260 ## - PUBLICATION, DISTRIBUTION, ETC.
Place of publication, distribution, etc. México :
Name of publisher, distributor, etc. Pearson Educación de México,
Date of publication, distribution, etc. 2014
300 ## - PHYSICAL DESCRIPTION
Extent xii, 548 páginas :
Other physical details gráficos a blanco y negro, tablas, fotografías ;
Dimensions 27 cm.
300 ## - PHYSICAL DESCRIPTION
Other physical details
300 ## - PHYSICAL DESCRIPTION
Dimensions 27 cm
505 ## - FORMATTED CONTENTS NOTE
Formatted contents note Pensamiento económico -- Introducción a la teoría microeconómica -- Macroeconomía
520 ## - SUMMARY, ETC.
Summary, etc. Este libro introduce al lector en el mundo de la economía, partiendo de los fundamentos teóricos de la microeconomía hasta llegar a la macroeconomía, con el objetivo de que entienda el funcionamiento de los modelos económicos.
650 14 - SUBJECT ADDED ENTRY--TOPICAL TERM
Topical term or geographic name entry element Teoría económica
9 (RLIN) 4993
650 24 - SUBJECT ADDED ENTRY--TOPICAL TERM
Topical term or geographic name entry element Economía
General subdivision Modelos económicos
9 (RLIN) 4994
942 ## - ADDED ENTRY ELEMENTS (KOHA)
Source of classification or shelving scheme Dewey Decimal Classification
Koha item type Books
Existencias
Withdrawn status Lost status Source of classification or shelving scheme Damaged status Not for loan Home library Current library Shelving location Date acquired Coded location qualifier Total Checkouts Full call number Barcode Date last seen Date last checked out Copy number Price effective from Koha item type
    Dewey Decimal Classification     Biblioteca Pública José María del Castillo y Rada Biblioteca Pública José María del Castillo y Rada General Stacks 04/15/2018 $0. 1 330.1 / G718i 430000738 09/18/2025 09/17/2025 Ej.2 06/05/2020 Books